1304 1022 1100 1488 1719 1140 1909 1819 1252 1726 1356 1697 1888 1595 1734 1018 1497 1785 1333 1786 1850 1785 1287 1563 1902 1458 1277 1778 1071 1933 1246 1843 1992 1341 1901 1377 1053 1509 1765 1881 1361 1925 1494 1804 1074 1371 1687 1063 1841 1003 1531 1491 1542 1926 1071 1975 1145 1071 1601 1205 1611 1996 1789 1976 1463 1370 1359 1580 1860 1209 1311 1365 1082 1096 1311 1358 1877 1219 1412 1294 1174 1871 1525 1435 1955 1316 1827 1723 1117 1592 1120 1351 1303 1663 1766 1592 1621 1473 1912 BCNSPRNW ULIB Ver.6.0+V

เปลี่ยนเป็นภาษาไทย

Change to English
 แสดงรายละเอียดบรรณานุกรม
  กลับหน้าหลัก

Brief Record : Get Marc (ISO 2709) : E-mail record : QR code < ปิดหน้าต่าง
LEADER : 00000nam 2200000uu 4500
001    13399114365
003     ULIB
008    120326s||||||||th 000 0 tha d
020    ^a9786167342528
050  4 ^aQA76.76.W56^bพ553ว
100 0  ^aพันจันทร์ ธนวัฒนเสถียร
245 10 ^aOffice 2010 สำหรับผู้เริ่มต้น/^cพันจันทร์ ธนวัฒนเสถียร
246 30 ^aOffice 2010 สำหรับผู้เริ่มต้น
250    ^aพิมพ์ครั้งที่ 1
260    ^aกรุงเทพฯ :^bซิมพลิฟาย,^c2554
300    ^a376 หน้า :^bภาพประกอบสี ;^c22 ซม.
500    ^aSend to Single Search
650  4 ^aไมโครซอฟต์ออฟฟิศ (โปรแกรมคอมพิวเตอร์)
650  4 ^aไมโครซอฟต์ออฟฟิศ 2007 (โปรแกรมคอมพิวเตอร์)
650  4 ^aสำนักงานอัตโนมัติ^xโปรแกรมคอมพิวเตอร์
945    ^p199^l0^i031450
945    ^p199^l0^i031451
995    ^aเกษร
999    ^aใช้งานได้ทุกระบบ
รายการนี้ยังไม่มีแท็ก
คุณยังไม่ได้ล็อกอิน คุณสามารถมีกิจกรรมร่วมกับเว็บไซต์ได้ แต่ต้องล็อกอินก่อน ::
  ล็อกอิน

รายการสื่อสารสนเทศ

ลำดับที่ ประเภท เลขเรียก/บาร์โค้ด สถานที่ สถานะ
- ไม่พบข้อมูล -

รายการใกล้เคียง
    ผู้แต่ง [พันจันทร์ ธนวัฒนเสถียร]

    หัวเรื่อง [ไมโครซอฟต์ออฟฟิศ (โปรแกรมคอมพิวเตอร์)]
    หัวเรื่อง [ไมโครซอฟต์ออฟฟิศ 2007 (โปรแกรมคอมพิวเตอร์)]

BibComment


ยังไม่เคยถูกคอมเมนท์

คอมเมนท์ทรัพยากรรายการนี้
  คอมเมนท์: Office 2010 สำหร..


 Copyright 2026. Bcnsprnw @Library